00395 2200157 4500001002100000005001500021035002000036245004200056100003000098300001200128260004100140082000800181084001400189020002200203990001200225INLIS00000000000175920250505030255 a0010-05250000511 aBertahan /cEvita Febrianti Syahputri0 aEvita Febrianti Syahputri a198 hlm aJakarta :bTransMedia Pustaka,c2019 a813 a813 EVI b a978-623-7100-22-5 a0754608